Valores, juegos, dinámicas y reflexiones (Registro nro. 5693)
[ vista simple ]
| 000 -CABECERA | |
|---|---|
| campo de control de longitud fija | 00828ata a2200301 4500 |
| 005 - FECHA Y HORA DE ACTUALIZACIÓN | |
| campo de control | 20161013183456.0 |
| 008 - LONGITUD FIJA | |
| campo de control de longitud fija | 150519b xxu||||| |||| 00| 0 spa d |
| 041 ## - IDIOMA | |
| Código de idioma del texto/pista de sonido o título separado | |
| 082 ## - CLASIFICACIÓN DECIMAL DEWEY | |
| Número de clasificación | 371.39 R173v |
| 100 ## - AUTOR PERSONAL | |
| Nombre de persona | Ramírez Castro, Orlando |
| 245 ## - TÍTULO PROPIAMENTE DICHO | |
| Título | Valores, juegos, dinámicas y reflexiones |
| 260 ## - PIE DE IMPRENTA | |
| Lugar de publicación, distribución, etc. | Costa Rica |
| Nombre del editor, distribuidor, etc. | Races Sport |
| 300 ## - DESCRIPCIÓN FÍSICA | |
| Extensión | 180 páginas |
| 650 ## - Materia General | |
| Materia general | APRENDIZAJE |
| 650 ## - Materia General | |
| Materia general | JUEGOS |
| 650 ## - Materia General | |
| Materia general | RECREACIÓN |
| 650 ## - Materia General | |
| Materia general | EXORDIO |
| 650 ## - Materia General | |
| Materia general | DINÁMICA DE GRUPO |
| 650 ## - Materia General | |
| Materia general | VALORES |
| 650 ## - Materia General | |
| Materia general | FAMILIA |
| 650 ## - Materia General | |
| Materia general | EDUCACION |
| 650 ## - Materia General | |
| Materia general | ESPÍRITU DE SERVICIO |
| 650 ## - Materia General | |
| Materia general | TRABAJO |
| 650 ## - Materia General | |
| Materia general | NIÑOS |
| 650 ## - Materia General | |
| Materia general | RELACIONES HUMANAS |
| 650 ## - Materia General | |
| Materia general | LEVANTANDO LA MIRADA |
| 942 ## - Punto de Acceso Adicional Koha | |
| Tipo de ítem Koha | Libro |
| Estado perdido | Estado dañado | No para préstamo | Biblioteca permanente | Biblioteca actual | Signatura completa | Código de barras | Precio efectivo a partir del | Tipo de ítem |
|---|---|---|---|---|---|---|---|---|
| Departamento de Biblioteca y Documentación Alfonso Chase Brenes | Departamento de Biblioteca y Documentación Alfonso Chase Brenes | 371.39 R173v | 14746 | 13/10/2016 | Libro |